| 000 | 00685nam a22002057a 4500 | ||
|---|---|---|---|
| 999 |
_c1712 _d1712 |
||
| 008 | 160413b xxu||||| |||| 00| 0 eng d | ||
| 020 | _a9789710388349 | ||
| 082 |
_22007 _aDFil 499.2118 _bF47 |
||
| 245 |
_aFilipino 2: _bPagbasa at pagsulat sa masining na pananaliksik/ |
||
| 260 |
_aMandaluyong City: _bBooks Atbp. Publishing Corp, _cc2007. |
||
| 300 |
_axiii, 200 pages: _billustrations; _c25.5 cm. |
||
| 650 | 0 |
_95422 _aReading (Filipino) |
|
| 650 | 0 |
_95423 _aWriting (Filipino) |
|
| 700 |
_95425 _aCruz, Cynthia B. |
||
| 700 |
_95426 _aMorong, Diosa N. |
||
| 700 |
_95427 _aMacaraeg, Leticia F. |
||
| 700 |
_95428 _aRamos, Erlinda M. |
||
| 365 |
_b397.00 _cPhp. |
||
| 942 |
_2ddc _cDFIL |
||